Simulation modeling and Arena / (Record no. 33198)
[ view plain ]
| 000 -LEADER | |
|---|---|
| fixed length control field | 01071cam a2200277 a 4500 |
| 005 - DATE AND TIME OF LATEST TRANSACTION | |
| control field | 20230804094339.0 |
| 008 - FIXED-LENGTH DATA ELEMENTS--GENERAL INFORMATION | |
| fixed length control field | 080722s2010 njua b 001 0 eng |
| 010 ## - LIBRARY OF CONGRESS CONTROL NUMBER | |
| LC control number | 2008032167 |
| 020 ## - INTERNATIONAL STANDARD BOOK NUMBER | |
| ISBN | 9780470097267 (cloth/cd) |
| 035 ## - SYSTEM CONTROL NUMBER | |
| System control number | (OCoLC)ocn236082726 |
| 040 ## - CATALOGING SOURCE | |
| Original cataloging agency | DLC |
| Transcribing agency | DLC |
| Modifying agency | BAKER |
| -- | C#P |
| -- | YDXCP |
| -- | BWX |
| -- | CDX |
| -- | GZM |
| -- | DLC |
| 050 00 - LIBRARY OF CONGRESS CALL NUMBER | |
| Classification number | T57.62 |
| Item number | .R67 2010 |
| 082 00 - DEWEY DECIMAL CLASSIFICATION NUMBER | |
| Classification number | 003.3 |
| Edition number | 22 |
| Item number | ROS-S |
| 100 1# - MAIN ENTRY--AUTHOR | |
| Author Name | Rossetti, Manuel D. |
| Fuller form of name | (Manuel David), |
| Dates associated with a name | 1962- |
| 245 10 - TITLE STATEMENT | |
| Title | Simulation modeling and Arena / |
| Statement of responsibility, etc. | Manuel D. Rossetti. |
| 260 ## - PUBLICATION, DISTRIBUTION, ETC. | |
| Place of Publication | Hoboken, NJ : |
| Name of publisher, distributor, etc. | John Wiley, |
| Date of publication, distribution, etc. | c2010. |
| 300 ## - PHYSICAL DESCRIPTION | |
| Pages | xix, 573 p. : |
| 500 ## - GENERAL NOTE | |
| General note | Include Index. |
| 504 ## - BIBLIOGRAPHY, ETC. NOTE | |
| Bibliography, etc. note | Includes bibliographical references (p. 543-547) and index. |
| 650 #0 - SUBJECT ADDED ENTRY--TOPICAL TERM | |
| Subject / Department | Simulation methods. |
| 650 #0 - SUBJECT ADDED ENTRY--TOPICAL TERM | |
| Subject / Department | Discrete-time systems. |
| 300 ## - PHYSICAL DESCRIPTION | |
| -- | ill. ; |
| -- | 26 cm. + |
| 856 41 - | |
| -- | Table of contents only |
| -- | http://www.loc.gov/catdir/toc/ecip0824/2008032167.html |
| 906 ## - LOCAL DATA ELEMENT F, LDF (RLIN) | |
| a | 7 |
| b | cbc |
| c | orignew |
| d | 1 |
| e | ecip |
| f | 20 |
| g | y-gencatlg |
| 952 ## - LOCATION AND ITEM INFORMATION (KOHA) | |
| -- | 0 |
| -- | 0 |
| Lost status | Damaged status | Permanent Location | Current Location | Shelving Location | Date acquired | Full Call Number | Accession No./Barcode | Date last seen | item type |
|---|---|---|---|---|---|---|---|---|---|
| Superior Information Resource Center (SIRC) Superior University- Gold Campus | Superior Information Resource Center (SIRC) Superior University- Gold Campus | MISC | 08/04/2023 | 003.3 ROS-S 2010 | 19570 | 11/28/2023 | BOOK |
